[Event "NAYCC U10"]
[Site "Kingston CAN"]
[Date "2019.08.18"]
[Round "6.22"]
[White "Yang, Jingyun (Ryan)"]
[Black "Chamadia, Avaan"]
[Result "1/2-1/2"]
[WhiteElo "1875"]
[BlackElo "1362"]
[PlyCount "135"]
[EventDate "2019.08.16"]
[EventType "swiss"]
[EventRounds "9"]
[EventCountry "CAN"]

1. d4 d5 2. Nf3 Nf6 3. Bf4 c5 4. e3 Nc6 5. c3 Qb6 6. Qb3 c4 7. Qxb6 axb6 8. Na3
Ra5 9. Be2 e6 10. Nc2 b5 11. Ne5 Nxe5 12. Bxe5 Nd7 13. Bc7 Ra7 14. O-O Be7 15.
a3 O-O 16. Nb4 Re8 17. h3 b6 18. Bh2 Bb7 19. Nc2 Rea8 20. f4 g6 21. g4 f5 22.
Kg2 Nf6 23. Bf3 Kf7 24. Bg3 Nd7 25. Rh1 h6 26. Kf2 Ra6 27. Ke2 R6a7 28. Rag1
Ra6 29. Bf2 Rg8 30. Rg2 Rd8 31. Rhg1 Re8 32. Kd2 Bc6 33. Nb4 Bxb4 34. cxb4 Bb7
35. Kc3 Bc6 36. Kc2 Bb7 37. Kb1 Rc8 38. Be1 Raa8 39. Be2 Nf6 40. Bf3 Nd7 41.
Bc3 Nf6 42. Kc2 Re8 43. Kb1 Nd7 44. Kc2 Rf8 45. Be1 Rac8 46. Be2 Bc6 47. Bc3
Bb7 48. Be1 Ba8 49. Bh4 Bc6 50. Be1 Rce8 51. Bh4 Bb7 52. Be1 Nf6 53. Kc3 Bc6
54. Kd2 Nd7 55. Bh4 Ra8 56. Be1 Bb7 57. Kc2 Rac8 58. Kc3 Ba8 59. Kc2 Nf6 60.
Kc3 Bb7 61. Bf2 Ra8 62. Be1 Rfe8 63. Kc2 Bc6 64. Kc3 Rac8 65. Bf2 Nd7 66. Bh4
Ra8 67. Kc2 Rac8 68. Kc3 1/2-1/2

[Event "NAYCC U10"]
[Site "Kingston CAN"]
[Date "2019.08.18"]
[Round "6.23"]
[White "Vemparala, Nikash"]
[Black "Lin, Leo"]
[Result "0-1"]
[WhiteElo "1485"]
[BlackElo "1772"]
[PlyCount "56"]
[EventDate "2019.08.16"]
[EventType "swiss"]
[EventRounds "9"]
[EventCountry "CAN"]

1. e4 c5 2. Nc3 Nc6 3. g3 g6 4. Bg2 Bg7 5. d3 d6 6. Be3 e6 7. Qd2 Nge7 8. Bh6
O-O 9. Bxg7 Kxg7 10. f4 d5 11. Nge2 d4 12. Nd1 e5 13. O-O Kh8 14. fxe5 Nxe5 15.
Qf4 N7c6 16. Nf2 f5 17. exf5 Rxf5 18. Qd2 Nf3+ 19. Bxf3 Rxf3 20. Ne4 Re3 21.
Nxc5 Ne5 22. Nxd4 Qxd4 23. Qf2 Nf3+ 24. Kh1 Bh3 25. Nb3 Qb6 26. d4 Rae8 27.
Rfd1 Qf6 28. Nc1 Re1+ 0-1

[Event "NAYCC U10"]
[Site "Kingston CAN"]
[Date "2019.08.18"]
[Round "6.24"]
[White "Meister, Xan"]
[Black "Yang, Andersen"]
[Result "1-0"]
[WhiteElo "1353"]
[BlackElo "1400"]
[PlyCount "81"]
[EventDate "2019.08.16"]
[EventType "swiss"]
[EventRounds "9"]
[EventCountry "CAN"]

1. d4 d5 2. c4 e6 3. Nc3 Nf6 4. cxd5 exd5 5. Nf3 Nbd7 6. Bf4 c6 7. e3 Nh5 8.
Bg3 Nxg3 9. hxg3 Nf6 10. Bd3 Qa5 11. Qe2 Bd6 12. O-O Be6 13. Rac1 O-O 14. Qc2
h6 15. Rfd1 Bg4 16. Be2 Bb4 17. Ne5 Bxe2 18. Qxe2 Bxc3 19. Rxc3 Ne4 20. Rcd3
Qxa2 21. Ra3 Nc3 22. Rxc3 Qa5 23. e4 dxe4 24. Qxe4 Rae8 25. Qg4 Re6 26. f4 Rfe8
27. f5 Rd6 28. Nc4 Qd8 29. Nxd6 Qxd6 30. Rf3 c5 31. f6 g6 32. Qf4 Qf8 33. d5
Rd8 34. Qc7 Rc8 35. Qe7 Qxe7 36. fxe7 Re8 37. d6 Kg7 38. d7 Rxe7 39. d8=Q Re6
40. Rdf1 Re2 41. Rxf7# 1-0

[Event "NAYCC U10"]
[Site "Kingston CAN"]
[Date "2019.08.18"]
[Round "6.25"]
[White "Liu, Eric"]
[Black "Xu, Alex"]
[Result "0-1"]
[WhiteElo "1459"]
[BlackElo "1763"]
[PlyCount "76"]
[EventDate "2019.08.16"]
[EventType "swiss"]
[EventRounds "9"]
[EventCountry "CAN"]

1. e4 e6 2. d4 d5 3. e5 c5 4. c3 Nc6 5. Nf3 Qb6 6. a3 Bd7 7. b4 cxd4 8. cxd4
Nge7 9. Be3 Nf5 10. g4 Nxe3 11. fxe3 Nd8 12. Nc3 Rc8 13. Qd2 Be7 14. Bd3 f6 15.
h4 Nf7 16. exf6 gxf6 17. Rg1 Nd6 18. Rc1 Nc4 19. Bxc4 Rxc4 20. g5 Kd8 21. h5
Rg8 22. g6 hxg6 23. hxg6 Kc8 24. g7 Kb8 25. Qh2+ Ka8 26. Qh7 Rcc8 27. Rc2 Qd8
28. Nd2 f5 29. Ndb1 Bg5 30. Rh2 Bxe3 31. Rgh1 Bxd4 32. Rg2 Qf6 33. Qxg8 Rxg8
34. Rh8 Bxc3+ 35. Nxc3 Qxc3+ 36. Kf2 Rxh8 37. g8=Q+ Rxg8 38. Rxg8+ Bc8 0-1

[Event "NAYCC U10"]
[Site "Kingston CAN"]
[Date "2019.08.18"]
[Round "6.26"]
[White "Tang, Benjamin"]
[Black "Wang, Alexander"]
[Result "1-0"]
[WhiteElo "1679"]
[BlackElo "1487"]
[PlyCount "61"]
[EventDate "2019.08.16"]
[EventType "swiss"]
[EventRounds "9"]
[EventCountry "CAN"]

1. e4 c5 2. Nc3 d6 3. f4 Nc6 4. Nf3 g6 5. Bc4 Bg7 6. d3 e6 7. O-O Nge7 8. Qe1
O-O 9. f5 exf5 10. Qh4 Qd7 11. Bh6 fxe4 12. Ng5 Nf5 13. Rxf5 Qxf5 14. Bxg7 Kxg7
15. Qxh7+ Kf6 16. Rf1 Qxf1+ 17. Kxf1 Ne5 18. Ngxe4+ Ke7 19. Nd5+ Kd7 20. Nef6+
Kc6 21. Ne7+ Kb6 22. Nfd5+ Ka5 23. Qh6 b5 24. Qxf8 Bb7 25. Qh6 bxc4 26. Qd2+
Ka4 27. b3+ cxb3 28. axb3+ Kb5 29. c4+ Nxc4 30. dxc4+ Ka6 31. Qa2# 1-0

[Event "NAYCC U10"]
[Site "Kingston CAN"]
[Date "2019.08.18"]
[Round "6.27"]
[White "Chinni, Rishabh"]
[Black "Guo, Edward"]
[Result "0-1"]
[WhiteElo "1324"]
[BlackElo "1666"]
[PlyCount "110"]
[EventDate "2019.08.16"]
[EventType "swiss"]
[EventRounds "9"]
[EventCountry "CAN"]

1. e4 e5 2. Nf3 Nc6 3. Bc4 Bc5 4. c3 Nf6 5. d4 exd4 6. e5 d5 7. Bb5 Ne4 8. cxd4
Bb4+ 9. Bd2 Bxd2+ 10. Nbxd2 O-O 11. h3 Ne7 12. Nxe4 dxe4 13. Ng5 Qd5 14. Qe2
Nf5 15. Nxe4 Nxd4 16. Bc4 Qa5+ 17. Qd2 Nc2+ 18. Ke2 Qxd2+ 19. Kxd2 Nxa1 20.
Rxa1 Rd8+ 21. Ke3 Bf5 22. Ng5 Bg6 23. e6 Re8 24. Rd1 h6 25. Nf3 Bf5 26. Nd4
Bxe6 27. Nxe6 fxe6 28. Rd7 Rac8 29. Kf4 Kf8 30. Ke5 Re7 31. Rxe7 Kxe7 32. Bxe6
Rd8 33. f4 Rd2 34. f5 Rxb2 35. g3 Re2+ 36. Kd4 Rxe6 37. fxe6 Kxe6 38. Ke4 c5
39. g4 g5 40. a4 b6 41. Ke3 Ke5 42. Kd3 a6 43. Kc4 Kd6 44. Kc3 b5 45. axb5 axb5
46. Kb3 Kd5 47. Kc3 c4 48. Kc2 b4 49. Kb2 Kd4 50. Kc2 c3 51. Kc1 Kd3 52. Kb1
c2+ 53. Kc1 Kc3 54. h4 b3 55. h5 b2# 0-1

[Event "NAYCC U10"]
[Site "Kingston CAN"]
[Date "2019.08.18"]
[Round "6.28"]
[White "Williamson, Mobius"]
[Black "Yang, Larry"]
[Result "0-1"]
[WhiteElo "1420"]
[BlackElo "1378"]
[PlyCount "124"]
[EventDate "2019.08.16"]
[EventType "swiss"]
[EventRounds "9"]
[EventCountry "CAN"]

1. c4 d6 2. Nc3 Nf6 3. g3 e5 4. Bg2 g6 5. d3 Bg7 6. Nf3 O-O 7. O-O Ne8 8. Bd2
f5 9. Rb1 a6 10. b4 g5 11. h3 c6 12. Kh2 Be6 13. a4 Nf6 14. h4 g4 15. Ne1 Nh5
16. Nc2 f4 17. b5 Rf7 18. bxc6 Nxc6 19. Rxb7 Rxb7 20. Bxc6 Rf7 21. Bxa8 Qxa8
22. Nb4 Qf8 23. Rg1 Qa8 24. Rg2 f3 25. exf3 gxf3 26. Rg1 Nf6 27. Re1 a5 28. Nc2
Ng4+ 29. Kg1 Bd7 30. Ne3 Nxe3 31. Bxe3 Bc6 32. Qc2 Qc8 33. Kh2 Qg4 34. Rh1 h5
35. Bb6 Bf6 36. Kg1 Rg7 37. Kf1 Rb7 38. Bxa5 Qd4 39. Nb5 Qc5 40. Qb3 d5 41. Bb4
Qb6 42. c5 Qd8 43. Nd6 Rb8 44. Qa3 Ra8 45. a5 Qb8 46. Kg1 Bd8 47. Kh2 Bxh4 48.
Nf5 Bg5 49. Kg1 Qf8 50. Nd6 h4 51. gxh4 Bxh4 52. Kf1 Ra7 53. Rg1+ Rg7 54. Rxg7+
Qxg7 55. a6 Qg2+ 56. Ke1 Qxf2+ 57. Kd1 Qe2+ 58. Kc1 f2 59. Bd2 f1=R+ 60. Kc2
Qd1+ 61. Kc3 d4+ 62. Kc4 Qxd2 0-1

[Event "NAYCC U10"]
[Site "Kingston CAN"]
[Date "2019.08.18"]
[Round "6.29"]
[White "Zhang, Brian"]
[Black "Ran, Sean"]
[Result "1-0"]
[WhiteElo "1526"]
[BlackElo "1264"]
[PlyCount "91"]
[EventDate "2019.08.16"]
[EventType "swiss"]
[EventRounds "9"]
[EventCountry "CAN"]

1. e4 e5 2. Nf3 Nc6 3. Bc4 Nf6 4. d3 Bc5 5. Nc3 h6 6. Be3 Bb6 7. Qd2 d6 8. O-O
Bg4 9. Ne1 Qe7 10. Bxb6 axb6 11. f4 h5 12. f5 g6 13. h3 Bxh3 14. gxh3 gxf5 15.
Rxf5 Rg8+ 16. Kh2 Nd4 17. Rf2 O-O-O 18. a4 Ng4+ 19. hxg4 Qh4+ 20. Kg1 Rxg4+ 21.
Rg2 Rdg8 22. Qf2 Qxf2+ 23. Kxf2 Rf4+ 24. Kg1 Rfg4 25. Rxg4 Rxg4+ 26. Kh2 f5 27.
exf5 Kd7 28. Nd5 Rg5 29. Ne3 h4 30. c3 Ne2 31. Nf3 Rg3 32. Rf1 Nf4 33. Kh1 Rh3+
34. Kg1 Rg3+ 35. Kf2 Rh3 36. Rg1 c6 37. Rg7+ Kc8 38. f6 Nh5 39. f7 Nxg7 40.
f8=Q+ Kc7 41. Qxg7+ Kb8 42. Be6 Rh1 43. Nd5 Ka7 44. Bc8 Rf1+ 45. Kxf1 Ka6 46.
Qxb7+ 1-0

[Event "NAYCC U10"]
[Site "Kingston CAN"]
[Date "2019.08.18"]
[Round "6.30"]
[White "Ho, Jasper"]
[Black "Kvirikadze, Becka"]
[Result "1-0"]
[WhiteElo "1730"]
[BlackElo "1340"]
[PlyCount "113"]
[EventDate "2019.08.16"]
[EventType "swiss"]
[EventRounds "9"]
[EventCountry "CAN"]

1. e4 c5 2. Nf3 d6 3. d4 cxd4 4. Nxd4 Nf6 5. Nc3 a6 6. Be2 e5 7. Nf3 h6 8. O-O
Be6 9. h3 Be7 10. Be3 O-O 11. Na4 Nbd7 12. Nc3 Rc8 13. Nd2 Qc7 14. Nb3 Rfd8 15.
f4 Bxb3 16. cxb3 Nc5 17. Bf3 Ne6 18. f5 Ng5 19. Rc1 Nxf3+ 20. Qxf3 Qd7 21. Rfd1
b5 22. g4 b4 23. Na4 Qb7 24. g5 Qxe4 25. Qxe4 Nxe4 26. gxh6 Ng3 27. Rxc8 Rxc8
28. Nb6 Rc2 29. Nd5 Nxf5 30. Nxe7+ Nxe7 31. Rxd6 Nf5 32. Rd8+ Kh7 33. hxg7 Kxg7
34. Ba7 Rxb2 35. Rb8 a5 36. Rb5 e4 37. Rxf5 Rxa2 38. Bb6 a4 39. bxa4 b3 40. Rb5
b2 41. Bd4+ Kg6 42. Rxb2 Rxa4 43. Be3 Ra3 44. Kf2 f5 45. Rb6+ Kf7 46. h4 Ra2+
47. Kg3 Re2 48. Bf4 Rc2 49. Rb7+ Ke6 50. Rb3 Ra2 51. h5 Ra1 52. h6 Rh1 53. Rb7
Kf6 54. Rb6+ Kf7 55. Rb7+ Kg6 56. Be3 Re1 57. Bd4 1-0

[Event "NAYCC U10"]
[Site "Kingston CAN"]
[Date "2019.08.18"]
[Round "6.31"]
[White "Soni, Arjun"]
[Black "Velasquez, Noah"]
[Result "1-0"]
[WhiteElo "1665"]
[BlackElo "1039"]
[PlyCount "85"]
[EventDate "2019.08.16"]
[EventType "swiss"]
[EventRounds "9"]
[EventCountry "CAN"]

1. e4 c5 2. c3 Nc6 3. Na3 d6 4. Nf3 g6 5. g3 Bg7 6. Bg2 e6 7. O-O Nge7 8. Re1
Bd7 9. Nb5 Nc8 10. d4 a6 11. Na3 cxd4 12. cxd4 O-O 13. Nc4 b5 14. Ne3 N8e7 15.
Ng4 f5 16. exf5 exf5 17. Qb3+ d5 18. Nge5 Kh8 19. Bg5 Nxe5 20. Nxe5 Bf6 21.
Bxf6+ Rxf6 22. Bxd5 Nxd5 23. Qxd5 Be8 24. Qxd8 Rxd8 25. Rad1 Rfd6 26. Nf3 Bc6
27. Ng5 Bd5 28. b3 h6 29. Nh3 Bf3 30. Rd3 Rxd4 31. Rxf3 Rd2 32. Nf4 g5 33. Ne6
Rc8 34. Rxf5 Rcc2 35. Rf8+ Kh7 36. a4 bxa4 37. bxa4 Ra2 38. Nc5 Kg7 39. Rf3 Rd6
40. Re7+ Kg6 41. g4 Rc6 42. Ne6 h5 43. Nf8+ 1-0

[Event "NAYCC U10"]
[Site "Kingston CAN"]
[Date "2019.08.18"]
[Round "6.32"]
[White "Liu, Lucas"]
[Black "Reyes, Isaac"]
[Result "1-0"]
[WhiteElo "1401"]
[BlackElo "1451"]
[PlyCount "165"]
[EventDate "2019.08.16"]
[EventType "swiss"]
[EventRounds "9"]
[EventCountry "CAN"]

1. d4 d5 2. c4 e6 3. Nc3 Nf6 4. Bg5 Nbd7 5. Nf3 Be7 6. e3 O-O 7. Rc1 h6 8. Bxf6
Nxf6 9. Bd3 dxc4 10. Bxc4 c5 11. O-O cxd4 12. Nxd4 Bd7 13. Be2 Qb6 14. Qb3 Qxb3
15. Nxb3 b6 16. Bf3 Rad8 17. Rfd1 Rfe8 18. Nd2 Bb4 19. Nde4 Bxc3 20. Rxc3 Nd5
21. Rcc1 f5 22. Nd6 Re7 23. Nxf5 exf5 24. Bxd5+ Kh8 25. Bf3 Ree8 26. h3 Be6 27.
b3 Rxd1+ 28. Rxd1 Re7 29. Rc1 Rd7 30. Rc2 Bg8 31. Kf1 g5 32. Ke2 Bf7 33. g3 Kg7
34. Rc6 Be8 35. Rc3 Kh7 36. Rc2 Kg7 37. Rc4 Re7 38. Rc2 Rd7 39. Rc4 Re7 40. Rc2
Bb5+ 41. Ke1 Bd7 42. Rc7 Kf8 43. Rxa7 f4 44. gxf4 gxf4 45. Bg4 Bxg4 46. Rxe7
Kxe7 47. hxg4 fxe3 48. fxe3 Ke6 49. Kf2 Kf6 50. Kf3 Ke5 51. a4 Kd5 52. e4+ Kd4
53. Kf4 Kc3 54. e5 Kxb3 55. e6 Kxa4 56. e7 b5 57. e8=Q Kb4 58. Qe1+ Kc4 59. Qb1
b4 60. Kf5 b3 61. Kg6 Kb4 62. Kxh6 Ka3 63. g5 b2 64. Qxb2+ Kxb2 65. g6 Kc3 66.
g7 Kd4 67. g8=R Ke5 68. Rg4 Kf5 69. Ra4 Ke5 70. Kg5 Kd5 71. Kf5 Kc5 72. Ke5 Kb5
73. Rd4 Kc5 74. Ke4 Kc6 75. Rd5 Kb6 76. Kd4 Kc6 77. Kc4 Kb6 78. Rc5 Kb7 79. Kb5
Ka7 80. Rc7+ Ka8 81. Ka6 Kb8 82. Rc6 Ka8 83. Rc8# 1-0

[Event "NAYCC U10"]
[Site "Kingston CAN"]
[Date "2019.08.18"]
[Round "6.33"]
[White "Zhang, Daniel"]
[Black "Jiang, Barron Jiyu"]
[Result "0-1"]
[WhiteElo "1267"]
[BlackElo "1421"]
[PlyCount "72"]
[EventDate "2019.08.16"]
[EventType "swiss"]
[EventRounds "9"]
[EventCountry "CAN"]

1. e4 c5 2. Nf3 d6 3. Bb5+ Bd7 4. Bxd7+ Qxd7 5. O-O Nc6 6. c3 Nf6 7. Re1 e6 8.
d4 cxd4 9. cxd4 Be7 10. Nc3 O-O 11. Bf4 Rad8 12. Qe2 Rfe8 13. Rad1 d5 14. e5
Nh5 15. Be3 g6 16. Bh6 Ng7 17. Bg5 Nf5 18. g4 Nfxd4 19. Nxd4 Nxd4 20. Rxd4 Bxg5
21. f4 Be7 22. Kh1 Bc5 23. Rd3 Qc6 24. Qg2 b5 25. Red1 Qb6 26. Ne2 Rc8 27. Ng3
Bf8 28. b3 Rc7 29. h4 Rec8 30. R3d2 Rc3 31. h5 Qe3 32. Ne2 Rc2 33. Rxc2 Rxc2
34. Re1 Bb4 35. hxg6 Bxe1 36. gxh7+ Kh8 0-1

[Event "NAYCC U10"]
[Site "Kingston CAN"]
[Date "2019.08.18"]
[Round "6.34"]
[White "Zhang, Kevin"]
[Black "Yao, Henry"]
[Result "0-1"]
[WhiteElo "1185"]
[BlackElo "1495"]
[PlyCount "66"]
[EventDate "2019.08.16"]
[EventType "swiss"]
[EventRounds "9"]
[EventCountry "CAN"]

1. d4 d5 2. c4 e6 3. Nc3 Nf6 4. Bg5 Be7 5. cxd5 exd5 6. e3 c6 7. Nf3 Nbd7 8.
Bd3 h6 9. Bf4 b6 10. O-O Bb7 11. Rb1 O-O 12. b4 Rc8 13. b5 c5 14. dxc5 Nxc5 15.
Bf5 Ra8 16. Na4 Bd6 17. Bxd6 Qxd6 18. Rc1 Ne6 19. Nc3 Rfd8 20. Re1 g6 21. Bc2
Rac8 22. Qd2 Kg7 23. Red1 Qe7 24. Qe2 Rxc3 25. Ne5 Qc7 26. Nd3 Rc8 27. Rd2 Ne4
28. Rdd1 Rxc2 29. Qxc2 Qxc2 30. Rxc2 Rxc2 31. Nb4 Rc4 32. Nxd5 Bxd5 33. Rxd5
Rc1+ 0-1

[Event "NAYCC U10"]
[Site "Kingston CAN"]
[Date "2019.08.18"]
[Round "6.35"]
[White "Darvekar, Yash"]
[Black "Luan, Jacky"]
[Result "1-0"]
[WhiteElo "1505"]
[BlackElo "594"]
[PlyCount "71"]
[EventDate "2019.08.16"]
[EventType "swiss"]
[EventRounds "9"]
[EventCountry "CAN"]

1. e4 e5 2. Nf3 Nc6 3. Bb5 a6 4. Bxc6 bxc6 5. O-O Nf6 6. Nxe5 Qe7 7. Nf3 Bb7 8.
e5 Nd5 9. d4 d6 10. exd6 Qxd6 11. Re1+ Be7 12. c4 Nf6 13. c5 Qd7 14. Nc3 O-O
15. Ne5 Qf5 16. Nxc6 Bxc6 17. Rxe7 Qg6 18. d5 Bd7 19. Bf4 Rab8 20. Be5 Rxb2 21.
Bxf6 Bh3 22. Qf3 Qxf6 23. Qxf6 gxf6 24. gxh3 Rfb8 25. Rxc7 Rc2 26. d6 Kg7 27.
d7 Rd2 28. Rc8 Rxd7 29. Rxb8 Rc7 30. Ne4 Re7 31. Ng3 Rc7 32. Rc1 Rc6 33. Rb6
Rc7 34. c6 a5 35. Rb7 Rc8 36. c7 1-0

[Event "NAYCC U10"]
[Site "Kingston CAN"]
[Date "2019.08.18"]
[Round "6.36"]
[White "Zuo, Roger"]
[Black "Qian, Eric"]
[Result "0-1"]
[WhiteElo "1034"]
[BlackElo "1152"]
[PlyCount "192"]
[EventDate "2019.08.16"]
[EventType "swiss"]
[EventRounds "9"]
[EventCountry "CAN"]

1. e4 c5 2. Nf3 d6 3. c3 Nf6 4. h3 e6 5. Bd3 Be7 6. Bc2 Nc6 7. d4 O-O 8. O-O
Bd7 9. Be3 Qc7 10. Nbd2 Rfd8 11. Qe2 Rac8 12. Nb3 b6 13. Rac1 Qb7 14. Bb1 Bf8
15. Qd3 Qb8 16. Bg5 e5 17. Bxf6 gxf6 18. d5 Ne7 19. Nbd2 Ng6 20. Nh2 Nf4 21.
Qg3+ Kh8 22. Rfe1 Bh6 23. Rc2 Rg8 24. Ng4 Bf8 25. Qh4 Be7 26. Kh1 Rg6 27. f3
Rcg8 28. g3 Nd3 29. Re3 Bb5 30. c4 Nb4 31. cxb5 Nxc2 32. Bxc2 Qe8 33. Nh6 Rf8
34. Nf5 Qd7 35. Re1 Bd8 36. Nc4 Bc7 37. Nce3 Ra8 38. Ng4 Bd8 39. f4 a6 40. bxa6
Rxa6 41. a3 b5 42. Bd3 Ra5 43. Nf2 b4 44. axb4 cxb4 45. Be2 Rc5 46. Bh5 Rg8 47.
Ng4 Rc2 48. Ngh6 Rf8 49. Nxf7+ Rxf7 50. Bxf7 Qxf7 51. Nxd6 Qa7 52. Qg4 Rh2+ 53.
Kxh2 Qf2+ 54. Kh1 Qxe1+ 55. Kg2 Qd2+ 56. Kf1 Qc1+ 57. Ke2 Qxb2+ 58. Ke1 Qc1+
59. Kf2 Qc5+ 60. Kf3 Qxd6 61. fxe5 Qxe5 62. Qc8 Qc7 63. Qa6 Qc3+ 64. Kf4 Bc7+
65. d6 Qe5+ 66. Kf3 Bxd6 67. Qc8+ Kg7 68. Qg4+ Kf7 69. Qd7+ Qe7 70. Qb5 Qe5 71.
Qd7+ Be7 72. Qc8 Qc3+ 73. Qxc3 bxc3 74. Ke3 Bd6 75. Kd3 Bxg3 76. Kxc3 Kg6 77.
Kd3 Kh5 78. Kc3 Kh4 79. Kd4 Kxh3 80. Ke3 Kg4 81. Ke2 Kf4 82. Kf1 Kxe4 83. Kg2
Bc7 84. Kf2 h5 85. Kg2 f5 86. Kg1 f4 87. Kf2 h4 88. Kg1 h3 89. Kh1 f3 90. Kg1
h2+ 91. Kh1 f2 92. Kg2 h1=Q+ 93. Kxf2 Qf3+ 94. Kg1 Bb6+ 95. Kh2 Qg4 96. Kh1
Qg1# 0-1

[Event "NAYCC U10"]
[Site "Kingston CAN"]
[Date "2019.08.18"]
[Round "6.37"]
[White "Kurup, Siddharth"]
[Black "Shi, Michael"]
[Result "0-1"]
[WhiteElo "1434"]
[BlackElo "1795"]
[PlyCount "110"]
[EventDate "2019.08.16"]
[EventType "swiss"]
[EventRounds "9"]
[EventCountry "CAN"]

1. d4 d5 2. Bf4 Nf6 3. e3 e6 4. Nd2 Be7 5. h3 Nbd7 6. Ngf3 O-O 7. Bd3 c5 8. c3
Qb6 9. b3 cxd4 10. cxd4 Bd6 11. Ne5 Re8 12. O-O Nf8 13. Qe2 Bd7 14. Qf3 Ng6 15.
Bxg6 hxg6 16. Ndc4 dxc4 17. Nxc4 Qc6 18. Qxc6 Bxc6 19. Nxd6 Red8 20. f3 Nd5 21.
Bh2 Nxe3 22. Rf2 Nf5 23. Nxf5 gxf5 24. Rd2 f6 25. Rad1 Rd5 26. Kf1 Rad8 27. Bg1
Bb5+ 28. Ke1 g5 29. a4 Bc6 30. Re2 Kf7 31. Rd3 e5 32. Red2 a6 33. Ke2 b5 34.
dxe5 Rxe5+ 35. Kd1 Rxd3 36. Rxd3 bxa4 37. bxa4 Bxa4+ 38. Kd2 Bb5 39. Ra3 Re2+
40. Kc3 Rxg2 41. Bc5 Rg3 42. Kd2 Rxh3 43. Re3 Bc6 44. Re7+ Kg6 45. Re6 Bxf3 46.
Rxa6 Rh7 47. Bd4 Rf7 48. Ke3 Bb7 49. Ra1 f4+ 50. Kf2 g4 51. Rg1 f5 52. Bc3 g3+
53. Kf1 Kg5 54. Bd2 Kg4 55. Be1 Re7 0-1

[Event "NAYCC U10"]
[Site "Kingston CAN"]
[Date "2019.08.18"]
[Round "6.38"]
[White "Jin, Harold"]
[Black "Zhang, Arthur"]
[Result "1-0"]
[WhiteElo "1188"]
[BlackElo "1703"]
[PlyCount "135"]
[EventDate "2019.08.16"]
[EventType "swiss"]
[EventRounds "9"]
[EventCountry "CAN"]

1. e4 e5 2. Nf3 Nc6 3. Bb5 a6 4. Ba4 Be7 5. c3 b5 6. Bc2 Nf6 7. d4 d6 8. O-O
Bb7 9. Be3 O-O 10. Nbd2 Rc8 11. b4 exd4 12. Nxd4 Nxd4 13. cxd4 c5 14. bxc5 dxc5
15. dxc5 Bxc5 16. Bxc5 Rxc5 17. Nb3 Rc3 18. f3 Qc7 19. Rc1 Rd8 20. Qe2 Qb6+ 21.
Kh1 Rdc8 22. Bd3 h6 23. Rxc3 Rxc3 24. Rc1 Qc7 25. Rxc3 Qxc3 26. h3 Nd7 27. Qc2
b4 28. Qxc3 bxc3 29. Kg1 Ne5 30. Bc2 Nc4 31. Kf2 Na3 32. Bd3 Nb5 33. Bxb5 axb5
34. Ke3 Bc8 35. Kd3 b4 36. Kc4 Be6+ 37. Kxb4 c2 38. Nc1 f5 39. exf5 Bxf5 40. a4
Kf7 41. a5 Bc8 42. Kc3 Kf6 43. Kxc2 Kf5 44. Kd2 Kf4 45. Ne2+ Kg5 46. f4+ Kf5
47. Ke3 g5 48. fxg5 Kxg5 49. Ke4 Bb7+ 50. Ke3 Bxg2 51. Ng1 h5 52. a6 Bc6 53. a7
Kf6 54. Kf4 Ke7 55. Kg5 Kd7 56. Kxh5 Kc7 57. Kg5 Kb7 58. h4 Be8 59. Nf3 Kxa7
60. Ne5 Kb7 61. Ng6 Bf7 62. h5 Bg8 63. h6 Kc7 64. Kf6 Kd8 65. Kg7 Be6 66. h7
Kd7 67. h8=Q Kd6 68. Qd8+ 1-0

[Event "NAYCC U10"]
[Site "Kingston CAN"]
[Date "2019.08.18"]
[Round "6.39"]
[White "Mane, Arnav"]
[Black "Wang, Andy Zixin"]
[Result "0-1"]
[WhiteElo "1168"]
[BlackElo "1482"]
[PlyCount "124"]
[EventDate "2019.08.16"]
[EventType "swiss"]
[EventRounds "9"]
[EventCountry "CAN"]

1. e4 e5 2. Nf3 Nc6 3. Bc4 Bc5 4. c3 Nf6 5. d4 exd4 6. cxd4 Bb4+ 7. Bd2 Bxd2+
8. Nbxd2 Qe7 9. e5 O-O 10. O-O Ne8 11. Re1 Qb4 12. Qb3 d6 13. a3 Qb6 14. Qxb6
cxb6 15. Nb3 dxe5 16. dxe5 Nc7 17. Ng5 h6 18. Nxf7 Rxf7 19. Bxf7+ Kxf7 20. Rad1
Be6 21. Nd4 Bd5 22. f4 Nxd4 23. Rxd4 Bc6 24. Red1 Ne6 25. R4d2 Ke7 26. g3 Rd8
27. Rxd8 Nxd8 28. Kf2 Ne6 29. h4 Nc5 30. g4 Ke6 31. Rd6+ Kf7 32. Ke3 Na4 33. b3
Nc3 34. g5 hxg5 35. hxg5 Nb5 36. Rd2 Nxa3 37. f5 Nb5 38. f6 gxf6 39. exf6 Kg6
40. Rf2 Bd5 41. b4 Nc7 42. Kd4 Bf7 43. Rg2 Ne6+ 44. Kd5 Nc7+ 45. Kd6 Na6 46. b5
Nc5 47. Ke7 Ne4 48. Kf8 Bd5 49. Rg4 Nxg5 50. Ke7 Kf5 51. Rxg5+ Kxg5 52. Kd6
Kxf6 53. Kxd5 a5 54. bxa6 bxa6 55. Kc6 a5 56. Kb5 Ke5 57. Kc6 Kd4 58. Kb5 Kc3
59. Ka4 Kb2 60. Kb5 Kb3 61. Kxb6 a4 62. Kc5 a3 0-1

[Event "NAYCC U10"]
[Site "Kingston CAN"]
[Date "2019.08.18"]
[Round "6.40"]
[White "White, Max"]
[Black "Garcia, Maximiliano"]
[Result "0-1"]
[WhiteElo "1063"]
[BlackElo "1391"]
[PlyCount "81"]
[EventDate "2019.08.16"]
[EventType "swiss"]
[EventRounds "9"]
[EventCountry "CAN"]

1. e4 g6 2. Nf3 Bg7 3. Nc3 d6 4. d4 Nf6 5. Bc4 O-O 6. e5 Nfd7 7. exd6 cxd6 8.
O-O Nf6 9. Nd5 Nbd7 10. Nxf6+ Nxf6 11. Bg5 Ne4 12. d5 Bg4 13. Be3 Nf6 14. h3
Bxf3 15. Qxf3 Qc7 16. Bb3 a5 17. Bd4 a4 18. Bxf6 Bxf6 19. Rab1 axb3 20. Qxb3
Bg7 21. a3 Rac8 22. c3 Qc4 23. Qxb7 Rfe8 24. Rfd1 Rb8 25. Qd7 Qc8 26. Qa4 Ra8
27. Qc2 Qc4 28. Rd3 Qe4 29. f3 Qc4 30. b3 Qc5+ 31. Kh2 Qxa3 32. b4 Qa7 33. c4
Qa4 34. Qxa4 Rxa4 35. c5 dxc5 36. bxc5 Rc8 37. c6 Ra7 38. Rb7 Rxb7 39. cxb7 Rb8
40. Rb3 Kf8 41. Rb4 0-1

[Event "NAYCC U10"]
[Site "Kingston CAN"]
[Date "2019.08.18"]
[Round "6.41"]
[White "Wang, Leo"]
[Black "Chen, Vincent"]
[Result "0-1"]
[WhiteElo "1040"]
[BlackElo "1368"]
[PlyCount "68"]
[EventDate "2019.08.16"]
[EventType "swiss"]
[EventRounds "9"]
[EventCountry "CAN"]

1. c4 Nf6 2. Nc3 g6 3. g3 Bg7 4. Bg2 c6 5. d4 O-O 6. Nf3 d5 7. O-O e6 8. b3
Nbd7 9. Bg5 h6 10. Bf4 c5 11. Bd6 Re8 12. Bxc5 Nxc5 13. dxc5 Ne4 14. Nxe4 Bxa1
15. Nd6 Bg7 16. Nxe8 Qxe8 17. cxd5 exd5 18. e3 Qc6 19. Ne1 Be6 20. Qc2 b6 21.
cxb6 Qxc2 22. Nxc2 axb6 23. Nb4 Ra5 24. Rc1 Bf8 25. Nc6 Rxa2 26. Nd4 Ba3 27.
Rd1 Rb2 28. Nxe6 fxe6 29. Rd3 Kf7 30. Kf1 Ke7 31. Bf3 Kd6 32. Rc3 b5 33. Bd1
Kd7 34. Ke1 Bb4 0-1

[Event "NAYCC U10"]
[Site "Kingston CAN"]
[Date "2019.08.18"]
[Round "6.42"]
[White "Luo, Albert"]
[Black "Georgescu-Nicolau, Luca"]
[Result "0-1"]
[WhiteElo "960"]
[BlackElo "1337"]
[PlyCount "146"]
[EventDate "2019.08.16"]
[EventType "swiss"]
[EventRounds "9"]
[EventCountry "CAN"]

1. e4 e5 2. Nf3 Nc6 3. Bc4 Bc5 4. d3 h6 5. a3 Nf6 6. b4 Bd6 7. Bd2 Ne7 8. Bc3
Ng6 9. Qc1 O-O 10. Qb2 Re8 11. Qa2 Qe7 12. a4 c6 13. Rg1 Kf8 14. h4 Bxb4 15.
Bxb4 Qxb4+ 16. c3 Qe7 17. g4 d6 18. g5 hxg5 19. Nxg5 Nh8 20. Rh1 Be6 21. Nxe6+
fxe6 22. Nd2 Rad8 23. Nf3 d5 24. Bb3 Nf7 25. Ng5 Kg8 26. Nxf7 Kxf7 27. h5 Rh8
28. Bd1 dxe4 29. dxe4 Nxe4 30. Qc2 Nf6 31. Qg6+ Kf8 32. h6 Rxh6 33. Rxh6 gxh6
34. Qxh6+ Qg7 35. Qxg7+ Kxg7 36. Rb1 b6 37. Bb3 Nd5 38. Bxd5 exd5 39. a5 b5 40.
Kf1 Rf8 41. Re1 e4 42. Kg2 Rf3 43. Rc1 Kf7 44. Rc2 Ke7 45. Kf1 e3 46. Kg2 Rxf2+
47. Rxf2 exf2 48. Kxf2 Kd7 49. Ke3 Kc7 50. Kd4 Kd6 51. Kd3 Kc5 52. Kc2 b4 53.
Kd3 bxc3 54. Kxc3 Kb5 55. Kd4 Kxa5 56. Kc5 Ka4 57. Kd4 Kb4 58. Kd3 a5 59. Kd2
d4 60. Kd3 a4 61. Kc2 d3+ 62. Kxd3 c5 63. Kc2 c4 64. Kb2 c3+ 65. Kc2 a3 66. Kb1
Kb5 67. Ka1 c2 68. Ka2 c1=Q 69. Kb3 Qc4+ 70. Kxa3 Qb4+ 71. Ka2 Kc4 72. Ka1 Kc3
73. Ka2 Qb2# 0-1

[Event "NAYCC U10"]
[Site "Kingston CAN"]
[Date "2019.08.18"]
[Round "6.43"]
[White "Murali, Dhruv"]
[Black "Huang, Winston"]
[Result "0-1"]
[WhiteElo "972"]
[BlackElo "1220"]
[PlyCount "60"]
[EventDate "2019.08.16"]
[EventType "swiss"]
[EventRounds "9"]
[EventCountry "CAN"]

1. d4 d5 2. c4 c6 3. Nc3 Nf6 4. Nf3 e6 5. a3 Nbd7 6. Bg5 h6 7. Bh4 Bd6 8. Bxf6
Nxf6 9. e3 O-O 10. c5 Bc7 11. Qc2 Re8 12. Bd3 e5 13. O-O e4 14. Be2 exf3 15.
Bxf3 Bg4 16. Qe2 Bxf3 17. Qxf3 Ne4 18. Qd1 Qh4 19. g3 Qg5 20. Qf3 Nd2 21. Qe2
Nxf1 22. Qxf1 Re6 23. h4 Qg4 24. b4 Rg6 25. Qe2 Qxh4 26. b5 Rg4 27. Qf1 Bxg3
28. Qg2 Bxf2+ 29. Kf1 Rxg2 30. Kxg2 Qg3+ 0-1